Biological control of plant diseases : progress and challenges for the future /

Guardado en:
Otros Autores: Tjamos, E. C., 1943-, Papavizas, George Constantine, 1922-, Cook, R. James, 1937-
Formato: Libro
Idioma:English
Publicado: New York : Plenum Press in cooperation with NATO Scientific Affairs Division, c1992.
Series:NATO ASI series. Life sciences ; v. 230
Materias:
Etiquetas: Agregar Etiqueta
Sin Etiquetas, Sea el primero en etiquetar este registro!
LEADER 01661pam a2200289 a 4500
001 EEA.libagro010272
008 920325s1992####nyua#####b####101#0#eng##
005 20191206115655.0
245 0 0 |a Biological control of plant diseases :  |b progress and challenges for the future /  |c edited by E.C. Tjamos, G.C. Papavizas, and R.J. Cook. 
260 |a New York :  |b Plenum Press in cooperation with NATO Scientific Affairs Division,  |c c1992. 
300 |a xiii, 462 p. :  |b il. ;  |c 26 cm. 
440 0 |a NATO ASI series.  |n Series A,  |p Life sciences ;  |v v. 230 
500 |a "Published in cooperation with NATO Scientific Affairs Division." 
504 |a Incluye referencias bibliográficas e índice. 
505 0 |a Enrichment, Conservation, and Management of Biological Control by Resident Soil and Plant-Associated Microorganisms -- Biological Control with Introduced Soil and Plant-Associated Microorganisms -- Strategies for Greater Use and Commercialization of Biocontrol -- Molecular Biology and Genetic Improvement of Biocontrol Agents -- Biocontrol, Formulation, Delivery, Tracking, and Regulation of Natural and Modified Control Agents -- Index. 
020 |a 0306442302 
700 1 |a Tjamos, E. C.,  |d 1943- 
700 1 |a Papavizas, George Constantine,  |d 1922- 
700 1 |a Cook, R. James,  |d 1937- 
082 0 0 |a 632.96 
650 7 |a Enfermedades de las plantas  |x Conferencias  |2 agrovoc 
650 7 |a Plaguicidas microbianos  |x Conferencias  |2 agrovoc 
650 7 |a Organismos patógenos  |x Control biológico  |x Conferencias  |2 agrovoc 
010 |a  92010740  
040 |a DLC  |c DLC  |d DLC 
050 0 0 |a SB732.6  |b .B582 1992 
859 |a AR-BbBCA  |b BIB. AGRONOMIA  |h 632.96  |i T625  |p 1995/2328